[Event "Dundee & Angus Major"]
[Site "Dundee"]
[Date "2012.10.11"]
[Round "2"]
[White "Pearson, Walter"]
[Black "Lynch, John"]
[Result "1-0"]
[WhiteElo "1435"]
[BlackElo "1059"]
[PlyCount "93"]
[EventDate "2012.10.12"]
[EventType "swiss"]
[EventRounds "5"]
[EventCountry "SCO"]
[SourceTitle "EXT 2023"]
[Source "ChessBase"]
[SourceDate "2022.10.05"]
[SourceVersion "1"]
[SourceVersionDate "2022.10.05"]
[SourceQuality "1"]

1. e4 e5 2. Nc3 Nc6 3. Bc4 Nf6 4. d3 Bb4 5. Nge2 Nd4 6. Bd2 Nxe2 7. Qxe2 0-0 8. a3 Bxc3 9. Bxc3 d6 10. h3 Re8 11. 0-0-0 Be6 12. Bxe6 Rxe6 13. Rhf1 Nd7 14. f4 f6 15. f5 Re7 16. Bd2 c5 17. c4 a5 18. Bc3 b6 19. a4 Qc7 20. Qc2 Nb8 21. Kd2 Na6 22. b3 Nb4 23. Qb2 Ree8 24. Ra1 Qf7 25. Bxb4 cxb4 26. Rf3 Qc7 27. Ke1 Qc5 28. Qf2 Qxf2+ 29. Rxf2 Re7 30. Rd1 Rd8 31. Ke2 Red7 32. Ke3 Kf7 33. Rfd2 Ke7 34. g4 h6 35. h4 Kf7 36. Rg2 Rg8 37. g5 hxg5 38. hxg5 g6 39. gxf6 Kxf6 40. fxg6 Rxg6 41. Rf1+ Kg7 42. Rxg6+ Kxg6 43. Rf8 Rc7 44. d4 Kg7 45. Rd8 exd4+ 46. Kxd4 Kf7 47. Rxd6 1-0